Embedded computing (Record no. 177027)

000 -LEADER
fixed length control field 00402nam a2200133Ia 4500
008 - FIXED-LENGTH DATA ELEMENTS--GENERAL INFORMATION
fixed length control field 220217s9999||||xx |||||||||||||| ||und||
020 ## - INTERNATIONAL STANDARD BOOK NUMBER
International Standard Book Number 978-81-312-1518-0
082 ## - DEWEY DECIMAL CLASSIFICATION NUMBER
Classification number 004.165 FIS
100 ## - MAIN ENTRY--PERSONAL NAME
Personal name Fisher, Joseph, A. Faraboschi, Paolo and Young, Cliff
9 (RLIN) 5858
245 #0 - TITLE STATEMENT
Title Embedded computing
260 ## - PUBLICATION, DISTRIBUTION, ETC.
Place of publication, distribution, etc. Elsevier Academic press
Name of publisher, distributor, etc. San Francisco
Date of publication, distribution, etc. 2008
300 ## - PHYSICAL DESCRIPTION
Other physical details 595
650 ## - SUBJECT ADDED ENTRY--TOPICAL TERM
Topical term or geographic name entry element MICROPROCESSOR
Holdings
Withdrawn status Lost status Damaged status Not for loan Collection code Home library Current library Shelving location Date acquired Full call number Barcode Date last seen Price effective from Koha item type
        Computer Science and Engineering Central Library Central Library Book Cart 02/18/2022 004.165 FIS 12216 02/18/2022 02/18/2022 Books

Powered by Koha